00343 2200145 4500245005600000250001100056100002300067650001600090650001700106005001900123260001800142041001400160084001400174336000900188 aLangkah Kecil Mimpi BesarcRakha Adi PrasetiahText aCet. 1 aRakha Adi Prasetia aKarya Siswa aAutobiografi a20250521080657 aJakartac2025 aIndonesia a081 RAK l atext